[Event "HZ Chess Tournament 2013"]
[Site "?"]
[Date "2013.08.08"]
[Round "7"]
[White "Aangeenbrug, Hans"]
[Black "Doberitz, Paul"]
[Result "1-0"]
[WhiteElo "1997"]
[BlackElo "2254"]
[PlyCount "87"]
[EventDate "2013.??.??"]

1. d4 Nf6 2. c4 c5 3. d5 b5 4. Nf3 g6 5. cxb5 a6 6. b6 d6 7. Nc3 Nbd7 8. e4 Bg7
9. a4 Qxb6 10. Nd2 O-O 11. a5 Qa7 12. Be2 Rb8 13. Nc4 Ne8 14. O-O Nc7 15. Bg5
Re8 16. Na4 Nb5 17. Rb1 Nd4 18. Nab6 Nxb6 19. axb6 Qb7 20. b4 cxb4 21. Rxb4 Nb5
22. Be3 Bd7 23. Na5 Qa8 24. b7 Rxb7 25. Nxb7 Qxb7 26. Qb3 Rc8 27. Rc1 Rxc1+ 28.
Bxc1 Qc7 29. Rc4 Qa5 30. Be3 Qe1+ 31. Bf1 Nc3 32. Qb8+ Bf8 33. Qb2 Nb5 34. Bd2
Qd1 35. Rc1 Qg4 36. f3 Qh4 37. Bxb5 Bxb5 38. Rc8 f5 39. Qc1 Kf7 40. Ra8 Bd7 41.
Qc7 Qf6 42. Qxd7 Qd4+ 43. Kf1 Qxd2 44. Qe8+ 1-0

[Event "HZ Chess Tournament 2013"]
[Site "?"]
[Date "2013.08.08"]
[Round "7"]
[White "Zwirs, Nico"]
[Black "Dijkstra, Arjan"]
[Result "1-0"]
[WhiteElo "2250"]
[BlackElo "1982"]
[PlyCount "99"]
[EventDate "2013.??.??"]

1. d4 d5 2. c4 c6 3. Nf3 e6 4. Nbd2 Nf6 5. e3 Nbd7 6. Bd3 dxc4 7. Nxc4 b5 8.
Nce5 Bb7 9. O-O a6 10. a4 Bd6 11. e4 Bxe5 12. dxe5 Nc5 13. exf6 Qxd3 14. fxg7
Rg8 15. Bh6 Qxd1 16. Raxd1 Nxe4 17. Rfe1 c5 18. Ne5 f6 19. Nd7 Rd8 20. Nf8 Rxd1
21. Rxd1 Bd5 22. axb5 axb5 23. Ra1 Nd6 24. Ra7 Nf5 25. Nxh7 Nxh6 26. Nxf6+ Kd8
27. g4 c4 28. g5 Rxg7 29. Rxg7 Nf5 30. Ra7 b4 31. Nxd5 exd5 32. Ra5 Ne7 33. Kf1
Kc7 34. Ra4 b3 35. Ra7+ Kd6 36. g6 Nxg6 37. Ra6+ Kc5 38. Rxg6 c3 39. Ke2 cxb2
40. Rg1 Kb4 41. f4 Kc3 42. f5 d4 43. f6 d3+ 44. Ke3 d2 45. f7 Kc2 46. f8=Q
d1=N+ 47. Rxd1 Kxd1 48. Qf1+ Kc2 49. Qd3+ Kc1 50. Ke2 1-0

[Event "HZ Chess Tournament 2013"]
[Site "?"]
[Date "2013.08.08"]
[Round "7"]
[White "Sibriaev, Aleksandr"]
[Black "Van de Wynkele, Eric"]
[Result "1-0"]
[WhiteElo "2239"]
[BlackElo "1981"]
[PlyCount "45"]
[EventDate "2013.??.??"]

1. Nf3 f5 2. c4 Nf6 3. Nc3 d6 4. d4 g6 5. g3 Bg7 6. Bg2 c6 7. O-O O-O 8. Re1
Nh5 9. Qb3 Qc7 10. e4 f4 11. Ne2 fxg3 12. hxg3 Na6 13. c5+ Kh8 14. Ng5 h6 15.
Ne6 Bxe6 16. Qxe6 Nf6 17. Nf4 Kh7 18. e5 dxe5 19. Nxg6 Rfe8 20. Nxe5 Qc8 21.
Be4+ Nxe4 22. Qg6+ Kg8 23. Bxh6 1-0

[Event "HZ Chess Tournament 2013"]
[Site "?"]
[Date "2013.08.08"]
[Round "7"]
[White "Lacrosse, Marc"]
[Black "Galle, Andre"]
[Result "1-0"]
[WhiteElo "2203"]
[BlackElo "1976"]
[PlyCount "93"]
[EventDate "2013.??.??"]

1. d4 f5 2. g3 d6 3. Bg2 g6 4. Nf3 Nf6 5. O-O Bg7 6. c4 c6 7. Nc3 O-O 8. d5 e5
9. dxe6 Bxe6 10. Qd3 Na6 11. Bf4 Qa5 12. a3 Nc5 13. Qc2 Nce4 14. Nxe4 Nxe4 15.
Nd2 Nxd2 16. Bxd2 Qc7 17. Rfd1 Rad8 18. Rac1 Qe7 19. e3 g5 20. Bc3 Bxc3 21.
Qxc3 a6 22. Rd2 Rf6 23. Rcd1 Bf7 24. Bf3 g4 25. Bg2 Rh6 26. Rd4 Qg5 27. c5 d5
28. Qd2 Qh5 29. h4 gxh3 30. Rh4 Qg6 31. Rxh3 Rxh3 32. Bxh3 Qh5 33. Bg2 Re8 34.
Qc2 Bg6 35. Qc1 Qg5 36. Rd4 Bh5 37. Rf4 Bg4 38. Qd2 Bh5 39. Qb4 Re7 40. Qb6 Bg6
41. Qd8+ Kg7 42. g4 Qf6 43. gxf5 Bh5 44. Bf3 Kh6 45. Qd6 Rf7 46. Rh4 Rg7+ 47.
Kh2 1-0

[Event "HZ Chess Tournament 2013"]
[Site "?"]
[Date "2013.08.08"]
[Round "7"]
[White "Von Meijenfeldt, Bart"]
[Black "De Boer, Robert"]
[Result "1-0"]
[WhiteElo "2202"]
[BlackElo "1959"]
[PlyCount "57"]
[EventDate "2013.??.??"]

1. e4 e6 2. d4 d5 3. Nd2 Nc6 4. c3 Nf6 5. e5 Nd7 6. Bd3 Ncb8 7. f4 c5 8. Ndf3
Nc6 9. Ne2 f6 10. O-O Qb6 11. Kh1 Be7 12. g4 Nf8 13. Ng3 c4 14. Bc2 Bd7 15. b3
Na5 16. Be3 O-O-O 17. Rb1 Qc7 18. Qe2 Kb8 19. Rfc1 Rc8 20. f5 Ka8 21. Bf4 Qd8
22. Nd2 cxb3 23. Nxb3 Nc4 24. Bd3 g5 25. exf6 gxf4 26. fxe7 Qxe7 27. Nh5 e5 28.
dxe5 Qxe5 29. Bxc4 1-0

[Event "HZ Chess Tournament 2013"]
[Site "?"]
[Date "2013.08.08"]
[Round "7"]
[White "Goormachtigh, Johan"]
[Black "Niewenhuis, Ruud"]
[Result "1-0"]
[WhiteElo "2182"]
[BlackElo "1941"]
[PlyCount "57"]
[EventDate "2013.??.??"]

1. d4 Nf6 2. c4 g6 3. Nc3 d5 4. Nf3 Bg7 5. Bf4 c6 6. e3 O-O 7. Bd3 Nbd7 8. cxd5
Nxd5 9. Nxd5 cxd5 10. Qb3 Qa5+ 11. Ke2 Re8 12. Qb5 Qxb5 13. Bxb5 f6 14. Rhc1 e5
15. Bg3 exd4 16. Rxc8 Rexc8 17. Bxd7 Rc2+ 18. Kd3 Rxb2 19. Nxd4 f5 20. Be6+ Kf8
21. Rc1 Bxd4 22. Kxd4 Ke7 23. Ke5 Rb4 24. Rc7+ Kf8 25. Rxh7 Re4+ 26. Kf6 Rxe6+
27. Kxe6 Re8+ 28. Kf6 Kg8 29. Rg7+ 1-0

[Event "HZ Chess Tournament 2013"]
[Site "?"]
[Date "2013.08.08"]
[Round "7"]
[White "Dijkhuis, Tycho"]
[Black "Van De Poel, Taco"]
[Result "1-0"]
[WhiteElo "2176"]
[BlackElo "1959"]
[PlyCount "27"]
[EventDate "2013.??.??"]

1. e4 e5 2. Nf3 Nc6 3. Bc4 Nf6 4. Ng5 Bc5 5. Bxf7+ Ke7 6. Bb3 d6 7. Nc3 Rf8 8.
O-O Bg4 9. Nd5+ Ke8 10. Nxf6+ Qxf6 11. Qxg4 Qxf2+ 12. Rxf2 Rxf2 13. Qe6+ Ne7
14. h3 1-0

[Event "HZ Chess Tournament 2013"]
[Site "?"]
[Date "2013.08.08"]
[Round "7"]
[White "Van Osch, Mees"]
[Black "Westerweele, Henrik"]
[Result "1-0"]
[WhiteElo "2163"]
[BlackElo "1937"]
[PlyCount "45"]
[EventDate "2013.??.??"]

1. e4 e6 2. d4 d5 3. Nc3 Bb4 4. e5 c5 5. a3 Bxc3+ 6. bxc3 Ne7 7. Qg4 Qc7 8.
Qxg7 Rg8 9. Qxh7 cxd4 10. Ne2 dxc3 11. f4 Nbc6 12. h4 Bd7 13. h5 O-O-O 14. Qd3
d4 15. Rb1 Nf5 16. Rg1 Nce7 17. g4 Nh4 18. Qh3 Ba4 19. Rb4 Bxc2 20. Nxd4 Nc6
21. Nxc6 Qxc6 22. Rc4 Rd1+ 23. Kf2 1-0

[Event "HZ Chess Tournament 2013"]
[Site "?"]
[Date "2013.08.08"]
[Round "7"]
[White "Van Gool, Henk"]
[Black "Maas, Joop"]
[Result "1-0"]
[WhiteElo "2152"]
[BlackElo "1891"]
[PlyCount "47"]
[EventDate "2013.??.??"]

1. Nf3 d5 2. c4 e6 3. g3 Nf6 4. Bg2 Be7 5. O-O O-O 6. b3 Nbd7 7. Bb2 c5 8. cxd5
exd5 9. d4 Re8 10. Nc3 Nf8 11. Rc1 Be6 12. Ng5 Bf5 13. dxc5 h6 14. Nh3 Bxh3 15.
Bxh3 Bxc5 16. Bg2 Rc8 17. Nxd5 Nxd5 18. Bxd5 Qe7 19. e4 b6 20. Kg2 Qd7 21. Qh5
Re7 22. Rfd1 Qe8 23. Qg4 g5 24. b4 1-0

[Event "HZ Chess Tournament 2013"]
[Site "?"]
[Date "2013.08.08"]
[Round "7"]
[White "Vreugdenhil, Frans"]
[Black "Gijsen, Stief"]
[Result "0-1"]
[WhiteElo "2008"]
[BlackElo "2142"]
[PlyCount "78"]
[EventDate "2013.??.??"]

1. e4 e5 2. Nf3 Nc6 3. d4 exd4 4. Bc4 Bc5 5. O-O Nf6 6. e5 d5 7. exf6 dxc4 8.
Re1+ Be6 9. Ng5 Qd5 10. Nc3 Qf5 11. Nce4 O-O-O 12. g4 Qe5 13. fxg7 Rhg8 14.
Nxe6 fxe6 15. Ng5 Qxg7 16. Bf4 e5 17. Ne6 Qxg4+ 18. Qxg4 Rxg4+ 19. Bg3 Rd5 20.
Nxc5 Rxc5 21. f3 Rg6 22. Re4 d3 23. c3 b5 24. Kf2 Rd5 25. Rd1 Rf6 26. Ke3 Rc5
27. Rd2 a5 28. Rg2 Rg6 29. Rd2 Re6 30. Kf2 Ne7 31. Rh4 h6 32. Rh5 Rd5 33. Kg2
e4 34. Rxd5 Nxd5 35. fxe4 Rxe4 36. Kf3 Re8 37. Kf2 b4 38. cxb4 axb4 39. b3 c3
0-1

[Event "HZ Chess Tournament 2013"]
[Site "?"]
[Date "2013.08.08"]
[Round "7"]
[White "Cebula, Jerzy"]
[Black "Stange, Sven"]
[Result "1/2-1/2"]
[WhiteElo "1981"]
[BlackElo "2137"]
[PlyCount "75"]
[EventDate "2013.??.??"]

1. e4 e5 2. Nf3 Nf6 3. Nc3 Bb4 4. Nxe5 O-O 5. Be2 Re8 6. Nd3 Bxc3 7. dxc3 Nxe4
8. O-O d5 9. Nf4 c6 10. c4 d4 11. Re1 Na6 12. Nd3 Be6 13. f3 Nd6 14. b3 Nf5 15.
Bb2 Qa5 16. Qc1 Rad8 17. c3 c5 18. a3 Qb6 19. cxd4 Nxd4 20. Bxd4 Rxd4 21. Qc3
Red8 22. Rad1 Bf5 23. Nf2 Nc7 24. Bd3 Bxd3 25. Rxd3 Ne6 26. Rde3 Rd2 27. Ne4
Ra2 28. a4 h6 29. Qe5 Qc7 30. Qxc7 Nxc7 31. R3e2 Rxe2 32. Rxe2 Ne6 33. Rd2 Rxd2
34. Nxd2 Nd4 35. Kf2 Kf8 36. Ke3 Ke7 37. Kd3 a5 38. Ke3 1/2-1/2

[Event "HZ Chess Tournament 2013"]
[Site "?"]
[Date "2013.08.08"]
[Round "7"]
[White "De Wolf, Johan"]
[Black "Ratsma, Rosa"]
[Result "1/2-1/2"]
[WhiteElo "2129"]
[BlackElo "1857"]
[PlyCount "41"]
[EventDate "2013.??.??"]

1. d4 d5 2. Nf3 Nf6 3. c4 c6 4. Nc3 dxc4 5. a4 e6 6. e3 Bb4 7. Bxc4 Ne4 8. Bd2
Nxd2 9. Qxd2 O-O 10. O-O b6 11. Rfd1 Bb7 12. Qe2 Qe7 13. Rac1 Rd8 14. Ba2 Nd7
15. Bb1 Nf6 16. e4 c5 17. e5 Nd5 18. Ne4 cxd4 19. Nxd4 Nf4 20. Qg4 Ng6 21. Ng5
1/2-1/2

[Event "HZ Chess Tournament 2013"]
[Site "?"]
[Date "2013.08.08"]
[Round "7"]
[White "Bekkink, Sereyo"]
[Black "Oosterom, Erik"]
[Result "1/2-1/2"]
[WhiteElo "1937"]
[BlackElo "2125"]
[PlyCount "40"]
[EventDate "2013.??.??"]

1. e4 c6 2. d4 d5 3. e5 Bf5 4. Be2 e6 5. Nf3 Nd7 6. O-O Ne7 7. Nh4 Nc8 8. Nxf5
exf5 9. Bd3 g6 10. Re1 Bg7 11. Qf3 Nf8 12. c3 Ne6 13. Nd2 Nb6 14. Nf1 h5 15.
Qe2 Bh6 16. Bxh6 Rxh6 17. Qd2 Qg5 18. Kh1 Qxd2 19. Nxd2 Ke7 20. h4 Rhh8 1/2-1/2

[Event "HZ Chess Tournament 2013"]
[Site "?"]
[Date "2013.08.08"]
[Round "7"]
[White "Verbruggen, Samuel"]
[Black "Bottema, Martin"]
[Result "1/2-1/2"]
[WhiteElo "1918"]
[BlackElo "2087"]
[PlyCount "62"]
[EventDate "2013.??.??"]

1. e4 e5 2. Nf3 Nc6 3. Bb5 a6 4. Ba4 Nf6 5. O-O Be7 6. Re1 b5 7. Bb3 d6 8. c3
O-O 9. h3 Nb8 10. d4 Nbd7 11. a4 Bb7 12. Nbd2 c5 13. Bc2 Re8 14. Nf1 Bf8 15.
Ng3 g6 16. b3 exd4 17. cxd4 cxd4 18. Nxd4 bxa4 19. bxa4 Nc5 20. Qf3 Bg7 21. Bb2
Nfd7 22. Rad1 Ne5 23. Qf4 Bf6 24. Qc1 Bg7 25. Ba1 Rc8 26. Qf4 Qf6 27. Qe3 Qh4
28. Ngf5 gxf5 29. Nxf5 Qf6 30. Rxd6 Re6 31. Qg3 Qg6 1/2-1/2

[Event "HZ Chess Tournament 2013"]
[Site "?"]
[Date "2013.08.08"]
[Round "7"]
[White "Majhi, Ankit"]
[Black "De Graaf, Dion"]
[Result "1-0"]
[WhiteElo "2069"]
[BlackElo "1624"]
[PlyCount "83"]
[EventDate "2013.??.??"]

1. e4 d6 2. d4 g6 3. Nc3 Bg7 4. Be3 e6 5. Qd2 Nc6 6. O-O-O Bd7 7. f3 a6 8. Nge2
Nce7 9. g4 Bb5 10. h4 Qd7 11. Kb1 d5 12. h5 Bxe2 13. Bxe2 h6 14. Bd3 O-O-O 15.
Ne2 dxe4 16. fxe4 g5 17. Rhf1 Nf6 18. e5 Nxg4 19. Rxf7 Bxe5 20. dxe5 Nxe5 21.
Rff1 Nxd3 22. Qxd3 Qxd3 23. Rxd3 Nf5 24. Bd4 Rhe8 25. Bf6 Rxd3 26. cxd3 Rf8 27.
Be5 Rd8 28. d4 Rd5 29. Nc3 Rd7 30. d5 Ne3 31. Rf8+ Rd8 32. Rxd8+ Kxd8 33. Bf6+
Kd7 34. Bxg5 Nf5 35. Bf4 c6 36. d6 Ng7 37. Na4 Nf5 38. Nb6+ Kd8 39. Be5 Ke8 40.
d7+ Kd8 41. Bf6+ Ne7 42. Kc2 1-0

[Event "HZ Chess Tournament 2013"]
[Site "?"]
[Date "2013.08.08"]
[Round "7"]
[White "Hemmes, Maarten"]
[Black "Klapwijk, Bram"]
[Result "1/2-1/2"]
[WhiteElo "1811"]
[BlackElo "2048"]
[PlyCount "73"]
[EventDate "2013.??.??"]

1. e4 e6 2. d4 d5 3. Nd2 Nf6 4. e5 Nfd7 5. f4 c5 6. c3 Nc6 7. Ndf3 a5 8. Bd3
cxd4 9. cxd4 a4 10. Ne2 a3 11. b3 Nb4 12. Bb1 Nb8 13. O-O g6 14. g4 h5 15. h3
hxg4 16. hxg4 Ra6 17. Kg2 Qc7 18. Bd2 Rc6 19. Ne1 Qd8 20. Nf3 N8a6 21. Bc1 Qa5
22. Kg3 Nc7 23. Bd2 Nb5 24. Ne1 Qb6 25. Nf3 Bd7 26. Rf2 Be7 27. Rh2 Rxh2 28.
Kxh2 Rc8 29. Kg3 Na7 30. Qh1 Bb5 31. Nc3 Nac6 32. Nxb5 Qxb5 33. f5 gxf5 34.
gxf5 Kd7 35. f6 Rg8+ 36. Kf2 Nd3+ 37. Bxd3 1/2-1/2

[Event "HZ Chess Tournament 2013"]
[Site "?"]
[Date "2013.08.08"]
[Round "7"]
[White "Hoffman, Ron"]
[Black "Verbeek, Mathijs"]
[Result "1/2-1/2"]
[WhiteElo "2047"]
[BlackElo "1803"]
[PlyCount "66"]
[EventDate "2013.??.??"]

1. d4 d5 2. Bg5 g6 3. c3 Bg7 4. Nf3 Bf5 5. Qb3 b6 6. e3 Nf6 7. c4 e6 8. Nc3 c6
9. Ne5 Qc7 10. cxd5 exd5 11. Rc1 Qb7 12. Qa3 h6 13. Bh4 Bf8 14. Qa4 g5 15. Bg3
Nh5 16. Nxd5 Nxg3 17. hxg3 b5 18. Qa5 cxd5 19. Bxb5+ Bd7 20. Nxd7 Nxd7 21. Rc7
Bb4+ 22. Ke2 Qb8 23. Bxd7+ Kd8 24. Qxd5 Qxc7 25. Qxa8+ Kxd7 26. Qxh8 Qc2+ 27.
Kf3 Qf5+ 28. Ke2 Qc2+ 29. Kf3 Qf5+ 30. Ke2 Qc2+ 31. Kf3 Qf5+ 32. Ke2 Qc2+ 33.
Kf3 Qf5+ 1/2-1/2